عرض عادي
عرض مارك
- عرار، عبد العزيز أمين،
دخول Personal Name
001 - CONTROL NUMBER
- control field: 25710
003 - CONTROL NUMBER IDENTIFIER
- control field: AE-AdECS
005 - DATE AND TIME OF LATEST TRANSACTION
- control field: 20260126110435.0
008 - FIXED-LENGTH DATA ELEMENTS
- fixed length control field: 260126|| aca||aabn | a|a d
040 ## - CATALOGING SOURCE
- Original cataloging agency: AE-AdECS
- Transcribing agency: AE-AdECS
100 ## - HEADING--PERSONAL NAME
- Personal name: عرار، عبد العزيز أمين،
670 ## - SOURCE DATA FOUND
- Source citation: Work cat.: (AE-AdECS)293956: عرار، عبد العزيز أمين، مؤلف., دور فلاحي منطقة جبل نابلس و مناطق أخرى في الثورة العربية الفلسطينية الكبرى 1936 - 1939 /
